Retratos de artistas, críticos de arte y marchands / (Record no. 19683)

MARC details
000 -LEADER
campo de control de longitud fija 00734nam a2200205 i 4500
001 - NÚMERO DE CONTROL
campo de control 19683
003 - IDENTIFICADOR DE NÚMERO DE CONTROL
campo de control ES-MaACL
005 - FECHA Y HORA DE LA ÚLTIMA TRANSACCIÓN
campo de control 20230906152139.0
007 - CAMPO FIJO DE DESCRIPCIÓN FÍSICA--INFORMACIÓN GENERAL
campo de control de longitud fija t|
008 - DATOS DE LONGITUD FIJA--INFORMACIÓN GENERAL
campo de control de longitud fija 021008s1973 sp f |||| | spa d
100 1# - ENTRADA PRINCIPAL--NOMBRE DE PERSONA
Nombre de persona Abin, César,
Fechas asociadas al nombre 1892-1974
9 (RLIN) 18099
245 10 - MENCIÓN DEL TÍTULO
Título Retratos de artistas, críticos de arte y marchands /
Mención de responsabilidad, etc. César Abin ; prólogo de Manuel Pereda de la Reguera.
260 ## - PUBLICACIÓN, DISTRIBUCIÓN, ETC.
Lugar de publicación, distribución, etc. [Santander] :
Nombre del editor, distribuidor, etc. Institución Cultural de Cantabria,
Fecha de publicación, distribución, etc. [1973]
300 ## - DESCRIPCIÓN FÍSICA
Extensión XXIV p., 55 lám. ;
Dimensiones 24 cm.
650 #4 - PUNTO DE ACCESO ADICIONAL DE MATERIA--TÉRMINO DE MATERIA
Término de materia o nombre geográfico como elemento de entrada Artistas-
Subdivisión de forma Caricaturas y dibujos humorísticos.
9 (RLIN) 169901
700 1# - ENTRADA AGREGADA--NOMBRE PERSONAL
Nombre de persona Pereda de la Reguera, Manuel.
9 (RLIN) 90454
710 2# - ENTRADA AGREGADA--NOMBRE DE ENTIDAD CORPORATIVA
Nombre de entidad corporativa o nombre de jurisdicción como elemento de entrada Institución Cultural de Cantabria.
9 (RLIN) 4712
852 ## - LOCALIZACIÓN
Ubicación ES-MaACL
Número de control de estantería C-55940
Holdings
Estatus retirado Estado de pérdida Estado de daño No para préstamo Biblioteca de origen Biblioteca actual Ubicación en estantería Fecha de adquisición Fuente de adquisición Total de préstamos Signatura topográfica completa Código de barras Visto por última vez Precio de reemplazo Tipo de ítem Koha
        Biblioteca del Ateneo de Madrid Biblioteca del Ateneo de Madrid Depósito 2 17/01/2008     C-55940 1020148 23/02/2023 23/02/2023 Libro impreso